000
00332 a2200157 4500
001
154559
040
_c
Escola São Tomás de Aquino
100
_a
AZEVEDO, Priscila Ramos de
240
1
0
_a
Linguagem
_l
por
245
1
0
_a
Linguagem
300
_a
127
362
0
_a
2004
440
1
_a
Scipione
697
_a
RELIGIÃO
942
_c
BK
999
_c
154559
_d
154559